Money, Banking, and the United States Economy
Gespeichert in:
| 1. Verfasser: | |
|---|---|
| Format: | Buch |
| Sprache: | Englisch |
| Veröffentlicht: |
Englewood Cliffs
Prentice Hall
1988
|
| Ausgabe: | 6. ed. |
| Schlagworte: | |
| Tags: |
Keine Tags, Fügen Sie das erste Tag hinzu!
|
MARC
| LEADER | 00000nam a2200000 4500 | ||
|---|---|---|---|
| 001 | c021191 | ||
| 005 | 20221206134842.3 | ||
| 020 | |a 0-13-600156-4 | ||
| 041 | 0 | |a eng | |
| 044 | |a US | ||
| 245 | 1 | 0 | |a Money, Banking, and the United States Economy |c Harry D. Hutchinson |
| 250 | |a 6. ed. | ||
| 264 | 1 | |a Englewood Cliffs |b Prentice Hall |c 1988 | |
| 300 | |a 558 s. | ||
| 610 | 2 | 0 | |a peniaze |
| 610 | 2 | 0 | |a bankovníctvo |
| 610 | 2 | 0 | |a financie |
| 610 | 2 | 0 | |a trh finančný |
| 610 | 2 | 0 | |a trh kapitálový |
| 610 | 2 | 0 | |a trh peňažný |
| 610 | 2 | 0 | |a inštitúcia |
| 610 | 2 | 0 | |a legislatíva |
| 610 | 2 | 0 | |a regulácia |
| 610 | 2 | 0 | |a štúdie prípadové |
| 610 | 2 | 0 | |a obchody bankové |
| 610 | 2 | 0 | |a rezervy |
| 610 | 2 | 0 | |a limity |
| 610 | 2 | 0 | |a politika peňažná |
| 610 | 2 | 0 | |a dane |
| 610 | 2 | 0 | |a investície |
| 610 | 2 | 0 | |a keynesizmus |
| 610 | 2 | 0 | |a modely |
| 610 | 2 | 0 | |a grafy |
| 610 | 2 | 0 | |a stagflácia |
| 610 | 2 | 0 | |a stabilizácia hospodárstva |
| 610 | 2 | 0 | |a financie medzinárodné |
| 610 | 2 | 0 | |a bilancia platobná |
| 610 | 2 | 0 | |a reformy |
| 610 | 2 | 0 | |a USA |
| 100 | 1 | |a Hutchinson, Harry D. | |